| Registos Bibliográficos associados ao registo de autoridade |
|
Etiqueta de registo: 01420nam 2200325 450 001 1684874 003 http://id.bnportugal.gov.pt/bib/catbnp/1684874 100 ## $a20080609d1839 k y0pory0103 ba 101 0# $afre 102 ## $aFR 105 ## $ay z 001yy 106 ## $ar 200 1# $aÉtudes Épiques et Dramatiques ou nouvelle traduction en vers des chants le plus célébres
des poemes d'Homére, de Virgile du Camoens et du Tasse$favec le texte en regard et des notes par Victor de Perrodil 210 #9 $aParis$cchez l'Éditeur,$d1839 215 ## $aVIII, 407, [1] p.$d22 cm 316 ## $aEncadernação em chagrin com brasões e ferros dourados, executada por Paulino Ferreira$5PTBN: D.S. XIX - 583 317 ## $aPert.: António Alberto Marinho Duarte de Sousa$5PTBN: D.S. XIX - 583 321 1# $aNUC NP 0250920 321 1# $aDuarte de Sousa 2, 555 620 ## $dParis 702 #1 $aPerrodil,$bVictor de$4730$31329348 702 #1 $aSousa,$bAntónio Alberto Marinho Duarte de,$f1896-1950$4390$3933589 702 #1 $aFerreira,$bPaulino,$f1882-1944$4110$3917703 801 #0 $aPT$bBN$gRPC 856 40 $uhttps://purl.pt/51325 856 41 $uhttps://purl.pt/51325/service/media/cover/low 856 49 $uhttps://purl.pt/51325/service/media/pdf$qapplication/pdf 958 ## $aBND$bLivre$cDigitalizado$d1$ehttps://purl.pt/51325/service/media/cover/max 966 ## $lBN$mRESIMP$sD.S. XIX - 583 995 ## $aPRR2024 $d20240625$idfontes
|
|
|